000 00557nam a2200181Ia 4500
008 090124s9999 xx 000 0 und d
082 _b114882
100 _aकुलकर्णी दत्ता जी.
245 _a विलक्षण वैर
250 _a1
260 _c1973
300 _a96+96
600 _aकुलकर्णी दत्ता जी.
630 _a विलक्षण वैर
700 _aकुलकर्णी दत्ता जी.
730 _a विलक्षण वैर
942 _cBOOK
999 _c160973
_d160973